| 000 | 00000nam##2200000za#4500 |
| 001 | 9.608061 |
| 003 | CaOODSP |
| 005 | 20250403105223 |
| 007 | cr ||||||||||| |
| 008 | 150406|2014||||xxc|||||o f|0| 0 fre|d |
| 020 | |a978-0-660-23050-4 |
| 022 | |a1707-0511 |
| 040 | |aCaOODSP|bfre |
| 043 | |an-cn--- |
| 086 | 1 |aCS11-621/94F-PDF |
| 245 | 00|aCommerce au détail - bilan de l'année 2013 / |h[ressource électronique]|cpar Jason Aston et Simon Sheldrick. |
| 260 | |aOttawa - Ontario : |bStatistique Canada |cDécembre 2014. |
| 300 | |a11p.|bfigures, graphiques, tableau |
| 490 | 1 |aAnalyse en bref|x1707-0511|vN° 94 |
| 590 | |a15-10|b2015-03-06 |
| 691 | 07|aCommerce de détail|2gcpds |
| 710 | 2 |aStatistique Canada. |
| 775 | 08|tRetail - the year 2013 in review / |w(CaOODSP)9.581238 |
| 830 | #0|aAnalyse en bref (Statistique Canada)|x1707-0511|vN° 94|w(CaOODSP)9.501126 |
| 856 | 40|ahttp://publications.gc.ca|qPDF|s181 Ko|uhttps://publications.gc.ca/collections/collection_2015/statcan/11-621-m/11-621-m2014094-fra.pdf|yN° 94 |